| 000 | 00320nam a22001337a 4500 | ||
|---|---|---|---|
| 020 | _a000000561716 | ||
| 040 | _cNUST | ||
| 082 |
_a891.4393 _bASL |
||
| 100 |
_aRahi Aslam _9111034 |
||
| 245 | _aSher Shah Soori | ||
| 260 |
_aLahore: _bAmmzr Publications; _c2018. |
||
| 650 |
_aSher Shah Soori _9124783 |
||
| 942 |
_2ddc _cBK |
||
| 999 |
_c610574 _d610574 |
||